[Event "Battle of Alberta"]
[Site "Red Deer CAN"]
[Date "2012.08.18"]
[Round "2.2"]
[White "Kazmaier, Daniel"]
[Black "Wang, Richard"]
[Result "0-1"]
[Annotator " "]
[WhiteElo "2307"]
[BlackElo "2468"]
[PlyCount "90"]
[GameId "2160767739706473"]
[EventDate "2012.08.18"]
[EventType "team"]
[EventRounds "2"]
[EventCountry "CAN"]
[TimeControl "5400"]

1. c4 c5 2. Nf3 Nc6 3. g3 e5 4. Nc3 g6 5. Bg2 Bg7 6. O-O Nge7 7. e4 O-O 8. d3 f5 9. a3 d6 10. Nd5 h6 11. Ne1 Nd4 12. f4 exf4 13. gxf4 fxe4 14. dxe4 b5 15. Nxe7+ Qxe7 16. cxb5 Bb7 17. a4 Bxe4 18. Ra3 Bxg2 19. Nxg2 Qf7 20. Rd3 Nf5 21. b3 Rfe8 22. Kh1 Bd4 23. Qf3 d5 24. Be3 Re4 25. Bxd4 Nxd4 26. Qd1 Qf6 27. Rg3 Kh7 28. Re1 Rae8 29. Rf1 Ne2 30. Rgf3 Qf5 31. Qd3 d4 32. a5 R4e6 33. Qc4 Rd6 34. Nh4 Qd5 35. Qxd5 Rxd5 36. f5 g5 37. Ng6 d3 38. Rd1 d2 39. Kg2 Nc3 40. Rxc3 Re1 41. Rxc5 Rxc5 42. Rxd2 Rxf5 43. Nf8+ Rxf8 44. Rd7+ Kg6 45. Rxa7 Re2+ 0-1

[Event "Battle of Alberta"]
[Site "Red Deer CAN"]
[Date "2012.08.18"]
[Round "2.3"]
[White "Pechenkin, Vladimir"]
[Black "Zhang, David"]
[Result "1/2-1/2"]
[WhiteElo "2425"]
[BlackElo "2285"]
[PlyCount "57"]
[GameId "2160767739706474"]
[EventDate "2012.08.18"]
[EventType "team"]
[EventRounds "2"]
[EventCountry "CAN"]
[TimeControl "5400"]

1. c4 c6 2. g3 d5 3. Nf3 Nf6 4. Bg2 g6 5. b3 Bg7 6. Bb2 dxc4 7. bxc4 Qb6 8. Qb3 O-O 9. O-O Rd8 10. d3 Na6 11. Nc3 Nc5 12. Qc2 Bf5 13. Rab1 Nxd3 14. exd3 Bxd3 15. Qb3 Qxb3 16. axb3 Nd7 17. Na4 b5 18. cxb5 cxb5 19. Bxg7 Kxg7 20. Nb2 Bxb1 21. Rxb1 Nb6 22. Re1 e6 23. Bf1 a6 24. Ra1 Nd5 25. Nd3 Rdc8 26. Nd4 Kf6 27. f4 Nc3 28. Bg2 Ra7 29. Nc6 1/2-1/2

[Event "Battle of Alberta"]
[Site "Red Deer CAN"]
[Date "2012.08.18"]
[Round "2.4"]
[White "Haessel, Dale"]
[Black "Haynes, Nicolas"]
[Result "1-0"]
[WhiteElo "2277"]
[BlackElo "2312"]
[PlyCount "129"]
[GameId "2160767909445502"]
[EventDate "2012.08.18"]
[EventType "team"]
[EventRounds "2"]
[EventCountry "CAN"]

1. Nf3 Nf6 2. c4 e6 3. Nc3 Bb4 4. Qc2 O-O 5. a3 Bxc3 6. Qxc3 b6 7. e3 Bb7 8. Be2 c5 9. b4 d6 10. O-O Nbd7 11. d3 a6 12. Bb2 Rc8 13. Nd2 e5 14. a4 d5 15. bxc5 bxc5 16. cxd5 Nxd5 17. Qc4 N7b6 18. Qb3 Nb4 19. Bxe5 a5 20. Rfd1 Bc6 21. Nc4 Qg5 22. Bg3 Bd5 23. h4 Qg6 24. Qc3 Nxc4 25. dxc4 Bc6 26. Rd6 Qc2 27. Qxc2 Nxc2 28. Rc1 Nb4 29. Rd2 Rfd8 30. Rxd8+ Rxd8 31. Rd1 Re8 32. Bd6 Na6 33. Rb1 Bxa4 34. Ra1 Re6 35. Rxa4 Rxd6 36. Rxa5 g6 37. Bf3 Rb6 38. g4 Kf8 39. g5 Ke7 40. Kg2 f6 41. Bd5 fxg5 42. hxg5 Kd6 43. Bg8 Ke5 44. Bxh7 Kf5 45. Rb5 Rd6 46. Bg8 Kxg5 47. Bd5 Kh4 48. Bb7 Nb4 49. Rxc5 Rd2 50. Be4 g5 51. Rb5 Na2 52. Rd5 Rb2 53. Rd4 Kh5 54. Rd6 Nc3 55. Bg6+ Kh6 56. Bf5+ Kg7 57. Kf3 Kf7 58. c5 Rb5 59. Rc6 Na4 60. Kg4 Nxc5 61. f3 Nb3 62. Rc7+ Kf8 63. Kxg5 Nd2 64. Kf6 Rb6+ 65. Be6 1-0

[Event "Battle of Toronto inv."]
[Site "Toronto CAN"]
[Date "2012.10.15"]
[Round "1"]
[White "Shebetah, Wajdy"]
[Black "Wilker, Marcus"]
[Result "1-0"]
[WhiteElo "2132"]
[BlackElo "1633"]
[PlyCount "59"]
[GameId "2160767909411800"]
[EventDate "2012.10.15"]
[EventType "tourn"]
[EventRounds "7"]
[EventCountry "CAN"]

1. e4 c6 2. d3 d5 3. Nd2 e5 4. Ngf3 Bg4 5. Be2 Nd7 6. h3 Be6 7. d4 exd4 8. Nxd4 Ngf6 9. Nxe6 fxe6 10. exd5 exd5 11. O-O Qc7 12. Nf3 O-O-O 13. Nd4 Re8 14. Be3 c5 15. Nb5 Qb6 16. b4 a6 17. bxc5 Bxc5 18. Nd4 Ne5 19. Rb1 Qc7 20. Rb3 Rhg8 21. Nf5 Bxe3 22. Nxe3 Qf7 23. Qd4 Nc6 24. Qb6 Ne4 25. Bxa6 Qc7 26. Bxb7+ Kd7 27. Bxc6+ Qxc6 28. Qa7+ Ke6 29. Rb6 Qxb6 30. Qxb6+ 1-0

[Event "Battle of Toronto inv."]
[Site "Toronto CAN"]
[Date "2012.10.22"]
[Round "2"]
[White "Moran-Venegas, Mario"]
[Black "Shebetah, Wajdy"]
[Result "0-1"]
[WhiteElo "1757"]
[BlackElo "2132"]
[PlyCount "120"]
[GameId "2160767909411801"]
[EventDate "2012.10.15"]
[EventType "tourn"]
[EventRounds "7"]
[EventCountry "CAN"]

1. e4 e6 2. d4 d5 3. exd5 exd5 4. Bd3 Bd6 5. Nf3 Qe7+ 6. Be3 Bf4 7. Qd2 Bxe3 8. Qxe3 Qxe3+ 9. fxe3 Nf6 10. Nbd2 O-O 11. O-O-O Ng4 12. Rde1 Nf2 13. Rhf1 Nxd3+ 14. cxd3 Nc6 15. a3 Bg4 16. h3 Bh5 17. Nh4 Rad8 18. g4 Bg6 19. Nxg6 hxg6 20. Nf3 f6 21. g5 f5 22. Ne5 Rd6 23. Kd2 Re8 24. Nxc6 Rxc6 25. Rc1 Rxc1 26. Rxc1 c6 27. b4 Kf7 28. a4 Ke6 29. h4 Kd6 30. Rf1 b6 31. Ke2 a5 32. b5 cxb5 33. axb5 Re7 34. Kd2 Rc7 35. Re1 Rc8 36. Rf1 Ke6 37. Rf2 a4 38. Rf1 a3 39. Ra1 Ra8 40. Ra2 Ra5 41. Ke2 Kd6 42. Kf3 Rxb5 43. Rxa3 Ra5 44. Rb3 b5 45. Kf4 Kc6 46. Ke5 Ra1 47. Rc3+ Kb6 48. Kxd5 b4 49. Rc6+ Kb5 50. Rxg6 b3 51. Rxg7 Ra3 52. Rf7 b2 53. Rxf5 b1=Q 54. Ke4+ Kb4 55. Re5 Qh1+ 56. Kf4 Qxh4+ 57. Kf3 Kc3 58. Rc5+ Kxd3 59. Rb5 Qh1+ 60. Kf4 Qe4+ 0-1

[Event "Battle of Toronto inv."]
[Site "Toronto CAN"]
[Date "2012.10.29"]
[Round "3"]
[White "Shebetah, Wajdy"]
[Black "Bzikot, Robert"]
[Result "1/2-1/2"]
[WhiteElo "2132"]
[BlackElo "1940"]
[PlyCount "50"]
[GameId "2160767909411802"]
[EventDate "2012.10.15"]
[EventType "tourn"]
[EventRounds "7"]
[EventCountry "CAN"]

1. e4 d6 2. f4 Nf6 3. d3 c5 4. Nf3 Nc6 5. Be2 e6 6. O-O Be7 7. c3 O-O 8. Na3 a6 9. Qe1 Nd7 10. Nc2 f5 11. exf5 exf5 12. d4 Nf6 13. dxc5 dxc5 14. Bc4+ Kh8 15. Ng5 Nd5 16. Ne3 Nxe3 17. Bxe3 Bxg5 18. fxg5 Ne5 19. Rd1 Qb6 20. Bb3 Ng4 21. Rd5 Re8 22. Bxc5 Qc6 23. Be7 Qc7 24. Bd6 Qb6+ 25. Bc5 Qc6 1/2-1/2

[Event "Battle of Toronto inv."]
[Site "Toronto CAN"]
[Date "2012.11.05"]
[Round "4"]
[White "Dougherty, Michael"]
[Black "Shebetah, Wajdy"]
[Result "1-0"]
[WhiteElo "2275"]
[BlackElo "2132"]
[PlyCount "87"]
[GameId "2160767909411803"]
[EventDate "2012.10.15"]
[EventType "tourn"]
[EventRounds "7"]
[EventCountry "CAN"]

1. d4 d6 2. Nf3 c6 3. e4 Bg4 4. Be2 Nd7 5. Nc3 Qc7 6. a4 Ngf6 7. h3 Bh5 8. O-O e5 9. Be3 a5 10. dxe5 dxe5 11. Qd3 Qd6 12. Qc4 Qb4 13. Qa2 Bg6 14. Bc4 Bc5 15. Nh4 O-O 16. Nxg6 hxg6 17. Rad1 Bxe3 18. fxe3 Rad8 19. g4 Qb6 20. Kf2 Nc5 21. Kf3 Rxd1 22. Rxd1 Qc7 23. g5 Ne8 24. Bf1 Kh7 25. Qc4 b6 26. h4 Qe7 27. Bg2 f6 28. Ke2 Nd6 29. Qa2 Rd8 30. Bf3 Qf7 31. b3 Ndb7 32. Rg1 Qd7 33. Nd1 Qd2+ 34. Kf1 Nd3 35. gxf6 gxf6 36. b4 Rd7 37. Qe6 Nxb4 38. h5 Nxc2 39. hxg6+ Kg7 40. Qh3 Kg8 41. Qe6+ Kg7 42. Rh1 Qe1+ 43. Kg2 Rd2+ 44. Kh3 1-0

[Event "Battle of Toronto inv."]
[Site "Toronto CAN"]
[Date "2012.11.19"]
[Round "5"]
[White "Shebetah, Wajdy"]
[Black "Longo, Tyler"]
[Result "1-0"]
[WhiteElo "2132"]
[BlackElo "2065"]
[PlyCount "67"]
[GameId "2160767909411804"]
[EventDate "2012.10.15"]
[EventType "tourn"]
[EventRounds "7"]
[EventCountry "CAN"]

1. e4 d5 2. d3 e6 3. Be2 dxe4 4. dxe4 Qxd1+ 5. Bxd1 b6 6. Be3 Nd7 7. Nd2 Bc5 8. Bf4 e5 9. Bg3 Bb7 10. Ngf3 f6 11. O-O O-O-O 12. c3 Bf8 13. b4 Nh6 14. Bb3 b5 15. Rad1 Nb6 16. Be6+ Kb8 17. Nb3 Be7 18. Nfd2 Rd6 19. Bh3 Rhd8 20. f4 Nc4 21. Rf2 Bxe4 22. Re1 Nxd2 23. Nxd2 Rxd2 24. Rxd2 Rxd2 25. Rxe4 exf4 26. Bxf4 Rd1+ 27. Kf2 Bd6 28. Ke2 Rd5 29. g3 Be5 30. Be6 Rd8 31. Bxe5 fxe5 32. Rxe5 a6 33. Bh3 Rd7 34. Bxd7 1-0

[Event "Battle of Toronto inv."]
[Site "Toronto CAN"]
[Date "2012.11.26"]
[Round "6"]
[White "Shebetah, Wajdy"]
[Black "Armstrong, Robert J"]
[Result "1-0"]
[WhiteElo "2132"]
[BlackElo "1606"]
[PlyCount "95"]
[GameId "2160767909411805"]
[EventDate "2012.10.15"]
[EventType "tourn"]
[EventRounds "7"]
[EventCountry "CAN"]

1. e4 g6 2. f4 Bg7 3. Nf3 d6 4. Be2 Nf6 5. d3 O-O 6. O-O Nc6 7. c3 e5 8. fxe5 Nxe5 9. Nxe5 dxe5 10. Bg5 Qd6 11. Kh1 h6 12. Bh4 Bd7 13. Nd2 Bb5 14. a4 Bc6 15. Nc4 Qe6 16. Qd2 Rad8 17. Bxf6 Bxf6 18. Qxh6 Bg7 19. Qh4 Bd7 20. Ne3 f6 21. d4 Qe7 22. Bc4+ Be6 23. dxe5 Bxc4 24. Nxc4 Qe6 25. b3 fxe5 26. Qg3 Rf6 27. Rf3 Rxf3 28. Qxf3 Bh6 29. Rd1 Rf8 30. Qd3 Rf7 31. g3 Bg5 32. Qd5 Qxd5 33. Rxd5 Rf3 34. Rxe5 Bf6 35. Re8+ Kf7 36. Rc8 c6 37. Rc7+ Ke6 38. Rxb7 Rxc3 39. Kg2 Bd4 40. h4 Rc2+ 41. Kf3 Rf2+ 42. Kg4 Re2 43. e5 Rg2 44. Rg7 Bxe5 45. Rxg6+ Bf6 46. h5 Ke7 47. Rh6 c5 48. Rh7+ 1-0

[Event "Battle of Toronto inv."]
[Site "Toronto CAN"]
[Date "2012.12.03"]
[Round "6"]
[White "Uddin, Mohammad"]
[Black "Shebetah, Wajdy"]
[Result "1/2-1/2"]
[WhiteElo "1647"]
[BlackElo "2132"]
[PlyCount "99"]
[GameId "2160767909411806"]
[EventDate "2012.10.15"]
[EventType "tourn"]
[EventRounds "7"]
[EventCountry "CAN"]

1. e4 e6 2. d4 d5 3. Nc3 Nf6 4. exd5 exd5 5. Bd3 c5 6. Nf3 c4 7. Be2 Nc6 8. a3 Bd6 9. O-O h6 10. Be3 O-O 11. Qd2 Bf5 12. Ne1 Re8 13. Bf3 Ne4 14. Nxe4 Bxe4 15. c3 Qf6 16. Bxe4 Rxe4 17. f3 Ree8 18. Bf2 Na5 19. Rd1 b5 20. Bg3 Bxg3 21. hxg3 Nc6 22. Nc2 Qd6 23. g4 a5 24. Rde1 Reb8 25. g5 b4 26. axb4 axb4 27. gxh6 bxc3 28. bxc3 Rb2 29. Qg5 Qxh6 30. Qxh6 gxh6 31. Ne3 Raa2 32. Ra1 Ne7 33. Rxa2 Rxa2 34. Re1 Kf8 35. Kh2 f5 36. Kg3 Kf7 37. Kf4 Kf6 38. Kg3 Rd2 39. Rc1 h5 40. Nc2 Ng6 41. Nb4 h4+ 42. Kh3 Nf4+ 43. Kxh4 Rxg2 44. Ra1 Rg8 45. Ra6+ Kf7 46. Ra7+ Ke6 47. Ra6+ Ke7 48. Ra7+ Kd6 49. Ra6+ Kc7 50. Ra7+ 1/2-1/2

[Event "Bluenose CC-ch"]
[Site "Halifax CAN"]
[Date "2012.02.24"]
[Round "1"]
[White "MacNeil, Conrad"]
[Black "Felix, Chris"]
[Result "0-1"]
[WhiteElo "1507"]
[BlackElo "1942"]
[PlyCount "122"]
[GameId "2160767909576175"]
[EventDate "2012.02.24"]
[EventType "swiss"]
[EventRounds "5"]
[EventCountry "CAN"]

1. e4 d5 2. exd5 Qxd5 3. Nc3 Qa5 4. Nf3 Nf6 5. Qe2 c6 6. d3 Bg4 7. Bd2 Nbd7 8. Ne4 Qd5 9. h3 Bxf3 10. Qxf3 e6 11. Be2 Rd8 12. O-O Nxe4 13. Qxe4 Qxe4 14. dxe4 Nc5 15. Bb4 Nxe4 16. Bxf8 Kxf8 17. Bd3 Nc5 18. Rad1 Nxd3 19. cxd3 Ke7 20. Rfe1 Rd4 21. Re3 Rhd8 22. Kf1 c5 23. b3 b5 24. Rc1 c4 25. bxc4 bxc4 26. dxc4 Rc8 27. Rec3 Kd6 28. Ke2 Kc5 29. Ra3 Rc7 30. Ra5+ Kb4 31. Rb5+ Ka4 32. a3 Rcd7 33. Rc3 Rxc4 34. Rxc4+ Kxb5 35. Rb4+ Kc5 36. Rb3 Kc4 37. Rb4+ Kc3 38. g3 Rd2+ 39. Kf1 Rb2 40. Ra4 Rb7 41. Rh4 h6 42. Rf4 Kb3 43. Rf3+ Ka4 44. Ke2 Rb2+ 45. Kd1 f6 46. Rd3 a5 47. f3 Rb3 48. Rd7 g5 49. Rd6 Rxf3 50. Rxe6 Rxg3 51. Re4+ Kxa3 52. h4 a4 53. hxg5 fxg5 54. Re1 h5 55. Kc2 h4 56. Rh1 Kb4 57. Rd1 Kc4 58. Re1 Rg2+ 59. Kb1 h3 60. Rc1+ Kb3 61. Rh1 h2 0-1

[Event "Bluenose CC-ch"]
[Site "Halifax CAN"]
[Date "2012.02.25"]
[Round "2"]
[White "Felix, Chris"]
[Black "Newman, Eric"]
[Result "1-0"]
[WhiteElo "1942"]
[BlackElo "1720"]
[PlyCount "75"]
[GameId "2160767909576176"]
[EventDate "2012.02.24"]
[EventType "swiss"]
[EventRounds "5"]
[EventCountry "CAN"]

1. e4 g6 2. d4 Bg7 3. Nc3 d6 4. Be2 Nd7 5. h4 b6 6. h5 Bb7 7. h6 Bf6 8. Nf3 e5 9. Be3 Qe7 10. dxe5 Nxe5 11. Nd5 Bxd5 12. Qxd5 c6 13. Qb3 Nxf3+ 14. Bxf3 Qe5 15. O-O-O Ne7 16. Bd4 Qf4+ 17. Kb1 Bxd4 18. Rxd4 O-O-O 19. Qd3 Kc7 20. Rd1 Qe5 21. Qa6 Nc8 22. Bg4 f5 23. exf5 gxf5 24. Bf3 Qb5 25. Qa3 Rhe8 26. Qc3 c5 27. Rd5 Ne7 28. Qg7 Rd7 29. R5d3 Ng6 30. Qf6 Red8 31. Qxf5 Ne5 32. Qe4 Nxf3 33. Rxf3 a5 34. Qe6 a4 35. Rf7 a3 36. b3 Qb4 37. Qxd6+ Kc8 38. Rxd7 1-0

[Event "Bluenose CC-ch"]
[Site "Halifax CAN"]
[Date "2012.02.25"]
[Round "2"]
[White "Giacomin, Gordon"]
[Black "MacDonald, Troy"]
[Result "0-1"]
[WhiteElo "2061"]
[BlackElo "1900"]
[PlyCount "44"]
[GameId "2160767909576177"]
[EventDate "2012.02.24"]
[EventType "swiss"]
[EventRounds "5"]
[EventCountry "CAN"]

1. e4 d5 2. exd5 Qxd5 3. c4 Qe4+ 4. Qe2 Qxe2+ 5. Bxe2 g6 6. Nf3 Bg7 7. d4 c5 8. dxc5 Na6 9. c6 bxc6 10. Nc3 Rb8 11. O-O Nh6 12. Rd1 Nf5 13. g4 Nd6 14. Nd4 Bd7 15. Nb3 Rb4 16. c5 Nb5 17. Bd2 Bxg4 18. Nxb5 Bxe2 19. Nd6+ exd6 20. Re1 Re4 21. cxd6 Kd7 22. Be3 Rg4+ 0-1

[Event "Bluenose CC-ch"]
[Site "Halifax CAN"]
[Date "2012.02.25"]
[Round "2"]
[White "Herbinger, Florent"]
[Black "Kenney, David"]
[Result "0-1"]
[WhiteElo "1816"]
[BlackElo "1942"]
[PlyCount "84"]
[GameId "2160767909576178"]
[EventDate "2012.02.24"]
[EventType "swiss"]
[EventRounds "5"]
[EventCountry "CAN"]

1. d4 d5 2. Nf3 Nf6 3. Bf4 e6 4. e3 Bd6 5. Bxd6 Qxd6 6. c4 dxc4 7. Nc3 O-O 8. Bxc4 b6 9. O-O Bb7 10. Rc1 a6 11. Rc2 Nbd7 12. Qe2 e5 13. Rd1 e4 14. Ng5 Qe7 15. Nxf7 Rxf7 16. Bxf7+ Qxf7 17. Qd2 Rf8 18. h3 Ne8 19. b3 Ndf6 20. Rdc1 Bc8 21. Ne2 g5 22. Ng3 h5 23. Qe2 h4 24. Nh1 a5 25. Qc4 Be6 26. Qb5 Qg6 27. Qe5 Nd7 28. Qb5 Ndf6 29. Qe5 Bd7 30. Kh2 Rf7 31. f3 Qg7 32. Kg1 Re7 33. Qh2 exf3 34. gxf3 Rxe3 35. Rc3 Rxc3 36. Rxc3 Nd5 37. Rd3 Nf4 38. Rd2 Nxh3+ 39. Kg2 Nf4+ 40. Kf2 Nd6 41. Ke1 Nf5 42. Nf2 Nxd4 0-1

[Event "Bluenose CC-ch"]
[Site "Halifax CAN"]
[Date "2012.02.25"]
[Round "3"]
[White "MacDonald, Troy"]
[Black "Felix, Chris"]
[Result "1/2-1/2"]
[WhiteElo "1899"]
[BlackElo "1942"]
[PlyCount "80"]
[GameId "2160767909576179"]
[EventDate "2012.02.24"]
[EventType "swiss"]
[EventRounds "5"]
[EventCountry "CAN"]

1. Nc3 Nf6 2. e4 d6 3. d4 g6 4. Be2 Bg7 5. Be3 O-O 6. g4 c5 7. g5 Nfd7 8. f4 Qb6 9. Nd5 Qxb2 10. Nxe7+ Kh8 11. Rb1 Qxa2 12. Nxc8 Rxc8 13. Rxb7 Qa4 14. Bb5 Qb4+ 15. Bd2 Qxd4 16. Qe2 Re8 17. c3 Qxe4 18. Qxe4 Rxe4+ 19. Kd1 Nb6 20. Ne2 Nd5 21. Ng3 Re7 22. Rxe7 Nxe7 23. Ne4 Nbc6 24. Nxd6 Kg8 25. Bc4 Nd8 26. Re1 Kf8 27. Kc2 f6 28. h4 Rb8 29. Be3 Nb7 30. Nxb7 Rxb7 31. Bxc5 Rc7 32. Rd1 Ke8 33. Bb5+ Kf7 34. Bd6 Rc8 35. Bxe7 Kxe7 36. Rd7+ Kf8 37. c4 fxg5 38. hxg5 h6 39. Rxa7 hxg5 40. fxg5 Rc5 1/2-1/2

[Event "Bluenose CC-ch"]
[Site "Halifax CAN"]
[Date "2012.02.26"]
[Round "4"]
[White "Charlton, Glenn"]
[Black "MacDonald, Troy"]
[Result "1/2-1/2"]
[WhiteElo "2053"]
[BlackElo "1899"]
[PlyCount "48"]
[GameId "2160767909576180"]
[EventDate "2012.02.24"]
[EventType "swiss"]
[EventRounds "5"]
[EventCountry "CAN"]

1. e4 d5 2. exd5 Qxd5 3. Nc3 Qd6 4. d4 Nf6 5. Nf3 a6 6. g3 Bg4 7. Bg2 Nc6 8. O-O O-O-O 9. Be3 Qb4 10. a3 Qxb2 11. Na4 Qb5 12. c4 Qxc4 13. Rc1 Qb5 14. Rc5 Nxd4 15. Bxd4 e5 16. Rxb5 axb5 17. Nb6+ Kb8 18. Qb3 exd4 19. Qxb5 cxb6 20. Ne5 Bc5 21. Rc1 Bd7 22. Qb2 Rc8 23. Nd3 Bc6 24. a4 Nd7 1/2-1/2

[Event "Bluenose CC-ch"]
[Site "Halifax CAN"]
[Date "2012.02.26"]
[Round "4"]
[White "Felix, Chris"]
[Black "McKearney, Ed"]
[Result "1-0"]
[WhiteElo "1942"]
[BlackElo "1673"]
[PlyCount "41"]
[GameId "2160767909576181"]
[EventDate "2012.02.24"]
[EventType "swiss"]
[EventRounds "5"]
[EventCountry "CAN"]

1. e4 g6 2. d4 Bg7 3. Nc3 d6 4. Be2 c6 5. h4 h6 6. h5 g5 7. f4 e6 8. fxg5 hxg5 9. Nh3 Bh6 10. g4 Nd7 11. Be3 Nf8 12. Qd2 Nh7 13. O-O-O Ne7 14. Nxg5 Qa5 15. Nxh7 Bxe3 16. Nf6+ Kd8 17. Qxe3 b5 18. a3 b4 19. axb4 Qxb4 20. Qg5 a5 21. Qg7 1-0

[Event "Bluenose CC-ch"]
[Site "Halifax CAN"]
[Date "2012.02.26"]
[Round "5"]
[White "Felix, Chris"]
[Black "Charlton, Glenn"]
[Result "1/2-1/2"]
[WhiteElo "1942"]
[BlackElo "2053"]
[PlyCount "36"]
[GameId "2160767909576182"]
[EventDate "2012.02.24"]
[EventType "swiss"]
[EventRounds "5"]
[EventCountry "CAN"]

1. e4 c5 2. Nf3 g6 3. d4 cxd4 4. Qxd4 Nf6 5. e5 Nc6 6. Qa4 Nd5 7. Qe4 Nb6 8. Bf4 Bg7 9. Nc3 O-O 10. O-O-O d5 11. exd6 Bf5 12. dxe7 Qxe7 13. Qxe7 Nxe7 14. Bd6 Rfe8 15. Bb5 Nc6 16. Ne5 Bxe5 17. Bxc6 bxc6 18. Bxe5 Rxe5 1/2-1/2

[Event "Bluenose CC-ch"]
[Site "Halifax CAN"]
[Date "2012.02.26"]
[Round "5"]
[White "Kenney, David"]
[Black "MacDonald, Troy"]
[Result "1-0"]
[WhiteElo "1963"]
[BlackElo "1899"]
[PlyCount "55"]
[GameId "2160767909576183"]
[EventDate "2012.02.24"]
[EventType "swiss"]
[EventRounds "5"]
[EventCountry "CAN"]

1. d4 c5 2. e3 g6 3. Nf3 Bg7 4. Bd3 Nc6 5. c3 d6 6. h3 e5 7. d5 Nce7 8. e4 Nf6 9. Bb5+ Kf8 10. Bd3 b5 11. O-O Rb8 12. Qe2 h5 13. Bg5 Nh7 14. Be3 Bd7 15. Nh2 Qc8 16. f4 c4 17. Bc2 exf4 18. Bxf4 Qc5+ 19. Be3 Qc7 20. Qf2 Be8 21. Nd2 b4 22. Ba4 Nxd5 23. exd5 Bxa4 24. Ne4 Rb7 25. Nxd6 bxc3 26. bxc3 Bxc3 27. Nxb7 Bxa1 28. Nc5 1-0

[Event "Boxer mem."]
[Site "Winnipeg CAN"]
[Date "2012.10.20"]
[Round "1"]
[White "Gannon, Keith"]
[Black "Melamedoff, Gustavo"]
[Result "0-1"]
[WhiteElo "1632"]
[BlackElo "2097"]
[PlyCount "52"]
[GameId "2160767909411692"]
[EventDate "2012.10.20"]
[EventType "swiss"]
[EventRounds "5"]
[EventCountry "CAN"]
[SourceTitle "EXT 2022"]
[Source "ChessBase"]
[SourceDate "2021.10.06"]
[SourceVersion "1"]
[SourceVersionDate "2021.10.06"]
[SourceQuality "1"]

1. e4 c5 2. Nf3 e6 3. d4 cxd4 4. Nxd4 a6 5. Be2 Qc7 6. O-O Nc6 7. Nxc6 dxc6 8. Nc3 Bc5 9. Bd2 e5 10. a3 Nf6 11. Rb1 Be6 12. b4 Bd4 13. Bf3 Rd8 14. Qe2 b5 15. Rfd1 O-O 16. Be1 Rd7 17. h3 Rfd8 18. a4 h6 19. axb5 axb5 20. Ra1 Nh7 21. Bg4 Ng5 22. Bxe6 Nxe6 23. Rdb1 Rd6 24. Ra6 Nf4 25. Qf3 Rf6 26. Rba1 Nxg2 0-1

[Event "Boxer mem."]
[Site "Winnipeg CAN"]
[Date "2012.10.20"]
[Round "1"]
[White "Kaptsan, Aron"]
[Black "Reimer, Bruce"]
[Result "1-0"]
[WhiteElo "2087"]
[BlackElo "1568"]
[PlyCount "59"]
[GameId "2160767909411693"]
[EventDate "2012.10.20"]
[EventType "swiss"]
[EventRounds "5"]
[EventCountry "CAN"]
[SourceTitle "EXT 2022"]
[Source "ChessBase"]
[SourceDate "2021.10.06"]
[SourceVersion "1"]
[SourceVersionDate "2021.10.06"]
[SourceQuality "1"]

1. d4 Nf6 2. c4 g6 3. g3 Bg7 4. Bg2 d6 5. Nf3 O-O 6. O-O Nbd7 7. Nc3 e5 8. e4 exd4 9. Nxd4 Nb6 10. b3 c6 11. h3 Qc7 12. Be3 Re8 13. Qc2 Be6 14. a4 d5 15. a5 Nc8 16. exd5 cxd5 17. cxd5 Bd7 18. a6 Nd6 19. axb7 Qxb7 20. Nc6 a6 21. Rac1 Bf5 22. Qa2 Nfe4 23. Nxe4 Nxe4 24. Rfe1 Qd7 25. g4 Bxg4 26. hxg4 Qxg4 27. f3 Qg3 28. fxe4 Rxe4 29. Bf2 Rxe1+ 30. Rxe1 1-0

[Event "Boxer mem."]
[Site "Winnipeg CAN"]
[Date "2012.10.20"]
[Round "1"]
[White "Leaden, Bruce"]
[Black "Boron, Anthony"]
[Result "0-1"]
[WhiteElo "1567"]
[BlackElo "2037"]
[PlyCount "67"]
[GameId "2160767909411694"]
[EventDate "2012.10.20"]
[EventType "swiss"]
[EventRounds "5"]
[EventCountry "CAN"]
[SourceTitle "EXT 2022"]
[Source "ChessBase"]
[SourceDate "2021.10.06"]
[SourceVersion "1"]
[SourceVersionDate "2021.10.06"]
[SourceQuality "1"]

1. e4 c6 2. Nf3 d5 3. d3 dxe4 4. dxe4 Qxd1+ 5. Kxd1 Bg4 6. Be2 e6 7. Bf4 Nf6 8. Nbd2 Nbd7 9. h3 Bh5 10. g4 Bg6 11. Bd3 Nc5 12. Re1 O-O-O 13. Ne5 Be7 14. Nxg6 hxg6 15. Re3 Nxd3 16. cxd3 Bc5 17. Rf3 Bb6 18. Kc2 Rh7 19. Nc4 Bc7 20. Rh1 Rd7 21. Bxc7 Rxc7 22. Ne5 g5 23. Nc4 Ne8 24. Re3 f6 25. f3 e5 26. Re2 g6 27. b3 Rh4 28. Kb2 Rch7 29. Reh2 Kc7 30. a4 Ng7 31. Ne3 Ne6 32. Ng2 R4h6 33. h4 Nd4 34. Ne1 0-1

[Event "Boxer mem."]
[Site "Winnipeg CAN"]
[Date "2012.10.20"]
[Round "1"]
[White "Li, Kevin"]
[Black "Pang, Michael"]
[Result "1-0"]
[WhiteElo "2220"]
[BlackElo "1904"]
[PlyCount "74"]
[GameId "2160767909411695"]
[EventDate "2012.10.20"]
[EventType "swiss"]
[EventRounds "5"]
[EventCountry "CAN"]
[SourceTitle "EXT 2022"]
[Source "ChessBase"]
[SourceDate "2021.10.06"]
[SourceVersion "1"]
[SourceVersionDate "2021.10.06"]
[SourceQuality "1"]

1. e4 c5 2. Nf3 d6 3. d4 cxd4 4. Nxd4 Nf6 5. Nc3 a6 6. Be2 e6 7. O-O Be7 8. Kh1 O-O 9. f4 Nbd7 10. Be3 Nb6 11. Bd3 Qc7 12. Qe2 e5 13. fxe5 dxe5 14. Nf5 Bc5 15. Bxc5 Qxc5 16. Qf3 Nbd7 17. g4 Kh8 18. g5 Ng8 19. Qg3 b5 20. Rf3 Bb7 21. Qh4 g6 22. Rh3 h5 23. Qg4 Ne7 24. Ng3 f5 25. Qe2 fxe4 26. Bxe4 Nd5 27. Nxh5 Kg8 28. Nxd5 Bxd5 29. Qd3 Be6 30. Bxa8 Bf5 31. Bd5+ Rf7 32. Bxf7+ Kxf7 33. Rf3 Ke7 34. Rxf5 gxf5 35. Nf6 Nxf6 36. gxf6+ Kxf6 37. Rd1 Qc6+ 1-0

[Event "Boxer mem."]
[Site "Winnipeg CAN"]
[Date "2012.10.20"]
[Round "1"]
[White "Moncal, Nilo"]
[Black "Baron, Cody"]
[Result "1-0"]
[WhiteElo "2105"]
[BlackElo "1746"]
[PlyCount "41"]
[GameId "2160767909411696"]
[EventDate "2012.10.20"]
[EventType "swiss"]
[EventRounds "5"]
[EventCountry "CAN"]
[SourceTitle "EXT 2022"]
[Source "ChessBase"]
[SourceDate "2021.10.06"]
[SourceVersion "1"]
[SourceVersionDate "2021.10.06"]
[SourceQuality "1"]

1. e4 c6 2. d4 d5 3. exd5 cxd5 4. Bd3 Nc6 5. Nf3 Bg4 6. c3 e6 7. O-O Bd6 8. Re1 Nf6 9. Bg5 Qc7 10. h3 Bh5 11. Nbd2 h6 12. Be3 g5 13. g4 Nxg4 14. hxg4 Bxg4 15. Be2 f5 16. Nf1 Bxf3 17. Bxf3 g4 18. Bg2 Kd7 19. c4 f4 20. cxd5 exd5 21. Qxg4+ 1-0

[Event "Boxer mem."]
[Site "Winnipeg CAN"]
[Date "2012.10.20"]
[Round "1"]
[White "Platt, Alex"]
[Black "Cleto, Sam"]
[Result "1/2-1/2"]
[WhiteElo "2204"]
[BlackElo "1834"]
[PlyCount "65"]
[GameId "2160767909411697"]
[EventDate "2012.10.20"]
[EventType "swiss"]
[EventRounds "5"]
[EventCountry "CAN"]
[SourceTitle "EXT 2022"]
[Source "ChessBase"]
[SourceDate "2021.10.06"]
[SourceVersion "1"]
[SourceVersionDate "2021.10.06"]
[SourceQuality "1"]

1. e4 c5 2. Nf3 d6 3. d3 Nf6 4. g3 e5 5. Bg2 Be7 6. c3 O-O 7. O-O Bg4 8. Qb3 Qc7 9. Nbd2 Nc6 10. Re1 Rab8 11. Nf1 b5 12. Bg5 h6 13. Bxf6 Bxf6 14. Ne3 Be6 15. Qc2 Ne7 16. a3 a5 17. c4 bxc4 18. dxc4 Rb7 19. Red1 Rfb8 20. Rab1 Nc6 21. Nf5 Bxf5 22. exf5 Rb3 23. Rd3 a4 24. Rxb3 Rxb3 25. Nd2 Nd4 26. Qd1 Rb8 27. Qxa4 Bg5 28. Ne4 Nxf5 29. Nxg5 hxg5 30. Bd5 Nd4 31. b4 Ne2+ 32. Kf1 Nc3 33. Qc2 1/2-1/2